Loading...
| History - European | 0 | 4 | 1 | 1 | 35 | 51 | 79.00 | 1 | 4 | 0.00 | 0.00 |
| Religion | 0 | 3 | 0 | 0 | 30 | 110 | 125.33 | 2 | 3 | 0.00 | 0.00 |
| Literature - European | 0 | 3 | 0 | 0 | 30 | 135 | 139.00 | 2 | 3 | 0.00 | 0.00 |
| History - World | 0 | 3 | 0 | 0 | 30 | 101 | 104.33 | 2 | 3 | 0.00 | 0.00 |
| History - Other | 0 | 3 | 0 | 1 | 30 | 88 | 104.33 | 1 | 3 | 0.00 | 0.00 |
| Current Events | 0 | 2 | 0 | 0 | 20 | 119 | 121.00 | 1 | 2 | 0.00 | 0.00 |
| Science - Biology | 0 | 2 | 0 | 0 | 20 | 92 | 95.00 | 0 | 2 | 0.00 | 0.00 |
| Science - Chemistry | 0 | 2 | 0 | 1 | 20 | 100 | 112.50 | 1 | 2 | 0.00 | 0.00 |
| Social Science | 0 | 2 | 0 | 0 | 20 | 72 | 84.50 | 1 | 2 | 0.00 | 0.00 |
| Philosophy | 0 | 2 | 1 | 0 | 15 | 115 | 127.00 | 0 | 2 | 0.00 | 0.00 |
| Fine Arts - Classical Music | 0 | 2 | 1 | 0 | 15 | 124 | 129.50 | 0 | 2 | 0.00 | 0.00 |
| Science - Other | 0 | 1 | 0 | 0 | 10 | 47 | 47.00 | 1 | 1 | 0.00 | 0.00 |
| Science - Physics | 0 | 1 | 0 | 1 | 10 | 120 | 120.00 | 0 | 1 | 0.00 | 0.00 |
| Geography | 0 | 1 | 0 | 0 | 10 | 123 | 123.00 | 0 | 1 | 0.00 | 0.00 |
| Literature - American | 0 | 1 | 1 | 0 | 5 | 55 | 55.00 | 1 | 1 | 0.00 | 0.00 |
| Fine Arts - Other | 0 | 1 | 1 | 0 | 5 | 139 | 139.00 | 0 | 1 | 0.00 | 0.00 |
| Literature - World | 0 | 0 | 0 | 0 | 0 | 0.00 | 0 | 0 | 0.00 | 0.00 | |
| Literature - British | 0 | 0 | 0 | 0 | 0 | 0.00 | 0 | 0 | 0.00 | 0.00 | |
| History - American | 0 | 0 | 1 | 0 | -5 | 0.00 | 0 | 0 | 0.00 | 0.00 |